LDR 00632naa#a2200181#i#450# 001 EN\INFRA-M\bibl\122731 005 20260514101333.4 011 ## _a2587-9103 100 ## _a20260430b2026####ek#y0engy0150####ca 102 ## _aRU 200 1# _aNon-Verbal Means of Expressing the Co-Operation of the Leaders of Russia and China in Russian Mass Media Texts _eJournal article 210 1# _aMoscow _cINFRA-M Academic Publishing LLC. _d2026 215 ## _a6 с. 608 ## _aJournal article _2local 675 ## _aЛингвистика. Языкознание. Языки. 81 _z 700 #1 _aKatyshev _gPavel Alekseevich 700 #1 _aHan _gYue 856 4# _anaukaru.ru _u